[Event "12th Agzamov Memorial 2018"]
[Site "Tashkent"]
[Date "2018.04.26"]
[Round "4"]
[White "Khoroshev, Nikita"]
[Black "Yakubboev, Nodirbek"]
[Result "1/2-1/2"]
[WhiteElo "2340"]
[BlackElo "2482"]
[Annotator "TA"]
[PlyCount "44"]
[EventDate "2018.??.??"]
[EventType "swiss"]
[EventCountry "UZB"]
[SourceTitle "playchess.com"]
[Source "ChessBase"]
[SourceQuality "1"]

{[%evp 23,44,-25,-35,-33,-39,-45,-37,-43,-31,-37,0,0,16,0,0,0,0,1,14,0,0,-8,9]} 1. d4 Nf6 2. c4 g6 3. Nc3 d5 4. e3 Bg7 5. Nf3 O-O 6. Qb3 e6 7. Bd2 b6 8. cxd5 exd5 9. Be2 Bb7 {D95: Grünfeld: 4 Nf3 Bg7 5 e3 0-0 6 Qb3} (9... Be6 10. O-O c5 11. Rfc1 c4 12. Qd1 a6 13. a4 Nc6 14. b3 Na5 15. bxc4 dxc4 16. Rcb1 Nb3 17. Ra2 {1-0 (39) Caruana,F (2795)-Vachier Lagrave,M (2788) chess.com INT 2016}) 10. O-O Nbd7 11. Rfd1 c6 12. a4 a5 {LiveBook: 4 Games} 13. Be1 Re8 14. Nd2 $146 ({Predecessor:} 14. Qc2 Qe7 15. Na2 Ne4 16. Rab1 Qe6 17. b4 axb4 18. Nxb4 c5 19. dxc5 bxc5 20. Nd3 Bc6 21. Nf4 Qd6 22. Bb5 {½-½ (22) Knezevic,M (2500)-Smejkal,J (2575) Vrsac 1977}) 14... Bf8 15. Nf1 Rc8 16. f3 c5 17. Bb5 {The position is equal.} Re6 18. Bh4 cxd4 19. exd4 Bg7 20. Re1 Nf8 21. Red1 h6 22. Rac1 Re7 {Precision: White = 69%, Black = 31%.} 1/2-1/2

[Event "12th Agzamov Memorial 2018"]
[Site "Tashkent"]
[Date "2018.04.26"]
[Round "4"]
[White "Baymuratova, Sevara"]
[Black "Pourramezanali, Amirreza"]
[Result "0-1"]
[WhiteElo "2142"]
[BlackElo "2536"]
[Annotator "TA"]
[PlyCount "96"]
[EventDate "2018.??.??"]
[EventType "swiss"]
[EventCountry "UZB"]
[SourceTitle "playchess.com"]
[Source "ChessBase"]
[SourceQuality "1"]

{[%evp 17,96,-8,8,-10,-7,-12,0,-12,14,0,8,-13,-12,-16,47,-15,40,-30,0,0,13,0,27,-14,-14,-89,-93,-90,-87,-66,-71,-129,-129,-137,-147,-153,-154,-141,-108,-166,-126,-119,-131,-375,-407,-691,-684,-691,-682,-696,-685,-661,-467,-458,-466,-510,-508,-473,-405,-497,-249,-272,-218,-242,-256,-281,-262,-373,-358,-737,-712,-856,-820,-1544,-1278,-29974,-29973,-29984,-29985,-29984,-29985]} 1. d4 Nf6 2. c4 e6 3. Nc3 Bb4 4. e3 c5 5. a3 Bxc3+ 6. bxc3 O-O 7. Bd3 d6 8. Nf3 Nc6 9. O-O b6 10. h3 $146 {E29: Nimzo-Indian: Sämisch: 5...0-0 6 e3 c5 7 Bd3 Nc6} ({Predecessor:} 10. e4 e5 11. d5 Ne7 12. Nh4 Ng6 13. Nf5 Nf4 14. Bxf4 exf4 15. Qf3 Bxf5 16. exf5 Re8 17. Qxf4 Qe7 {½-½ (33) Vachier Lagrave,M (2819)-Nakamura,H (2791) chess.com INT 2016}) 10... Ba6 11. e4 e5 12. Re1 {The position is equal.} Re8 13. Bg5 h6 14. Bh4 Na5 15. Nd2 Rc8 (15... cxd4 $11 16. cxd4 Rc8) 16. Rc1 (16. d5 $14) 16... Kh8 (16... cxd4 $11 17. cxd4 g5) 17. Qf3 (17. d5 $14) 17... g5 18. Bg3 Qe7 19. h4 Rg8 20. dxe5 dxe5 21. Qf5 (21. Rcd1 $11) 21... Rce8 $1 $17 22. Nf3 {[%cal Rg3e5] [#]} Nc6 $1 23. hxg5 hxg5 24. Nh2 (24. Qh3+ $142 Kg7 25. Qf5 (25. Nxg5 Bc8 $11)) 24... Rg6 25. Qf3 Kg7 26. Nf1 Rh8 {Hoping for ...Rgh6.} 27. Ne3 Bc8 28. Qd1 (28. Nd5 $17 Rgh6 29. Kf1) 28... Nh5 29. Be2 {[#]} Nf4 $1 $40 {[%mdl 128] Black has strong attack.} 30. Bg4 $2 (30. f3 $17 {was worth a try.}) 30... Rgh6 $19 {[%csl Gh8][%cal Rh6h1]} 31. f3 (31. Bh3 $142 Nxh3+ 32. gxh3) 31... Rh1+ 32. Kf2 Rxe1 33. Kxe1 {aiming for Bxc8.} Rh1+ 34. Nf1 Bxg4 35. fxg4 Qe6 36. Bxf4 exf4 37. Qd5 Ne5 38. Rd1 Qxd5 (38... Qf6 $142 39. Qd8 Qh6) 39. cxd5 Nxg4 {[%mdl 4096] Endgame KRN-KRN} 40. Ke2 Ne5 41. a4 Kf6 42. a5 (42. Nd2 {might work better.} Rh2 43. Rg1) 42... g4 {[%cal Bg5g4,Bg4g3][%mdl 32]} 43. Rb1 $2 (43. axb6 axb6 44. Nd2) 43... bxa5 44. Rb5 g3 45. Nd2 Rg1 46. Rxa5 Rxg2+ {Black mates.} 47. Ke1 f3 48. Ra6+ Kg5 {Precision: White = 19%, Black = 53%.} 0-1

[Event "12th Agzamov Memorial 2018"]
[Site "Tashkent"]
[Date "2018.04.26"]
[Round "4"]
[White "Sabirov, Asilbek"]
[Black "Malakhatko, Vadim"]
[Result "0-1"]
[WhiteElo "2132"]
[BlackElo "2516"]
[Annotator "TA"]
[PlyCount "68"]
[EventDate "2018.??.??"]
[EventType "swiss"]
[EventCountry "UZB"]
[SourceTitle "playchess.com"]
[Source "ChessBase"]
[SourceQuality "1"]

{[%evp 12,68,13,-22,-8,-51,-43,-81,-73,-90,-99,-113,-104,-114,-77,-117,-104,-113,-92,-164,-152,-160,-142,-150,-150,-154,-154,-152,-142,-150,-143,-244,-186,-247,-238,-270,-256,-278,-242,-387,-367,-397,-402,-424,-337,-658,-642,-1150,-1017,-912,-585,-29985,-29986,-29994,-29989,-29994,-29993,-29993,-29992]} 1. d4 e6 2. Nf3 c5 3. c3 Nf6 4. Bf4 Be7 (4... b6 5. e3 Be7 6. h3 O-O 7. Nbd2 cxd4 8. exd4 Ba6 9. Bxa6 Nxa6 10. a4 Qc8 11. O-O Nc7 12. Re1 Ncd5 13. Bh2 a6 14. Qe2 {½-½ (41) Wojtaszek,R (2749)-Leko,P (2693) Tallinn 2016}) 5. e3 Nh5 6. Bg3 {A46: 1 d4 Nf6 2 Nf3 e6: Torre, London and Colle Systems} Nc6 7. Bd3 {LiveBook: 5 Games} O-O 8. Ne5 {The position is equal.} g6 $146 ({Predecessor:} 8... Nxe5 9. Bxe5 Nf6 10. Bxf6 Bxf6 11. Qh5 g6 12. Qxc5 b6 13. Qa3 Bb7 {0-1 (35) Kovacs,I (1882)-Sedlak,I (2106) Subotica 2017}) 9. f4 cxd4 10. exd4 d6 11. Nxc6 bxc6 12. Nd2 Bb7 13. Nf3 Qb6 14. Qd2 c5 15. Bf2 (15. dxc5 $17 dxc5 16. Ne5) 15... Bxf3 $19 16. gxf3 d5 {[%cal Bd6d5,Bd5d4][%mdl 32]} 17. dxc5 Bxc5 18. Bxc5 Qxc5 19. f5 exf5 {Threatens to win with ...Rfe8+.} 20. O-O-O {[#]} d4 $1 21. c4 (21. Bc2 $17 {keeps fighting.}) 21... a5 22. Rhg1 (22. Rhe1 $142) 22... Rfe8 23. Qh6 {Now Qxh5 and White clings on.} Ng7 {[%cal Bh5g7,Bg7e6,Be6f4][%mdl 32]} 24. Rg3 {intending Rh3.} Ne6 25. Rdg1 (25. Kb1 $142) 25... Qe5 26. Qd2 Nf4 27. Rd1 Rac8 28. b3 $2 {[#]} (28. Rgg1) 28... a4 $1 {[%mdl 512]} 29. Rgg1 (29. bxa4 Rb8) 29... Nxd3+ 30. Qxd3 Qxh2 {aiming for ...Re3.} 31. Qc2 Re2 {Black mates.} 32. Qxf5 Rc5 33. Qe4 Rxe4 34. fxe4 Qxa2 {Precision: White = 18%, Black = 53%.} 0-1

[Event "12th Agzamov Memorial 2018"]
[Site "Tashkent"]
[Date "2018.04.27"]
[Round "5"]
[White "Stupak, Kirill"]
[Black "Nigmatov, Ortik"]
[Result "0-1"]
[WhiteElo "2556"]
[BlackElo "2438"]
[Annotator "TA"]
[PlyCount "124"]
[EventDate "2018.??.??"]
[EventType "swiss"]
[EventCountry "UZB"]
[SourceTitle "playchess.com"]
[Source "ChessBase"]
[SourceQuality "1"]

{[%evp 14,124,19,13,23,22,32,33,27,-4,-4,-4,0,0,72,72,63,69,65,60,73,19,0,0,54,46,51,27,37,43,41,31,55,6,58,49,64,36,108,52,64,47,117,50,55,38,44,0,0,9,7,0,98,93,95,95,109,100,106,109,85,71,72,79,73,0,0,0,0,0,0,0,0,0,0,-13,0,-81,-12,-106,-93,-115,-122,-266,-277,-247,-239,-474,-474,-465,-454,-445,-442,-435,-353,-395,-416,-354,-337,-435,-435,-454,-469,-958,-935,-1279,-1274,-952,-880,-1173,-1153,-1606,-1606]} 1. d4 Nf6 2. c4 e6 3. g3 d5 4. Bg2 Bb4+ 5. Nc3 O-O 6. a3 Be7 7. Nf3 dxc4 8. Ne5 c5 {A17: English Opening: 1...Nf6 with ...Bb4} (8... Nc6 9. Bxc6 bxc6 10. Nxc6 Qe8 11. Nxe7+ Qxe7 12. Qa4 c5 13. Qxc4 cxd4 14. Qxd4 e5 15. Qh4 Qe6 16. O-O {½-½ (51) Moiseenko,A (2648)-Karjakin,S (2774) Almaty 2016}) 9. dxc5 Qxd1+ 10. Nxd1 Nbd7 {White is slightly better.} 11. Nxd7 Nxd7 $146 ({Predecessor:} 11... Bxd7 12. Bf4 Rac8 13. Bxb7 Rxc5 14. Rc1 Nd5 15. Be5 Rb5 16. Bxd5 exd5 {½-½ (42) Schuett,I (2545)-Olofsson,D (2515) ICCF corr 1999}) 12. Be3 Nxc5 13. Rc1 e5 (13... Bd7 $11) 14. Rxc4 $16 Nb3 15. Nc3 Na5 16. Ra4 Bd8 17. Nd5 (17. Bc5 $16) 17... Bd7 $36 {[%mdl 2048] Black is pushing.} 18. Rb4 b6 (18... f5 $11) 19. Nxb6 $1 $14 Bxb6 20. Bxb6 axb6 21. Bxa8 Rxa8 22. Rxb6 Kf8 23. f3 Nc4 (23... Rc8 $11 24. Kf2 Rc2) 24. Rb7 Ke7 25. Kf2 Na5 (25... Nd6 $14 26. Rb6 Ra7) 26. Rb6 ({White should try} 26. Rc7 $16) 26... Rc8 27. Rd1 Be6 (27... Rc2 $14) 28. b4 (28. Rb5 $1 $16 {[%cal Rb5a5]} Nc4 29. a4) 28... Nb3 29. Rd3 Nd4 30. Rb7+ Kd6 {White should prevent ...Rc2.} 31. Rd2 Ra8 32. Rb5 {e3 is the strong threat.} Bd7 (32... Bc4 $1 $11 {remains equal.} 33. Ra5 Rxa5 34. bxa5 Kc5) 33. Rc5 $1 $16 {aiming for e3.} Ke6 34. Rd3 Rb8 35. f4 f6 36. fxe5 fxe5 37. Re3 Rf8+ 38. Ke1 Rf5 39. Kd2 (39. g4 $16 Rg5 40. Rg3) 39... Kd6 $11 40. g4 Rf2 41. h3 Bc6 42. Ke1 (42. Rexe5 Nb3+ 43. Kd3 Nxc5+ 44. Rxc5 Rh2 $17) ({Don't play} 42. Rcxe5 Nf3+ 43. Rxf3 Rxf3 $17) 42... Rh2 43. Kd2 e4 44. Rh5 h6 45. Rc5 (45. a4 $1 $11 {keeps the balance.}) 45... g5 (45... Bb5 $17 {[%cal Rd4e2]} 46. Rxb5 Nxb5) 46. Ra5 {[#]} (46. a4 $1 $11) 46... Bb5 $1 $17 {[%cal Rb5e2][%mdl 1024] Black has strong compensation.} 47. a4 Bxe2 {And now ...Bd3+ would win.} 48. Kc3 (48. Rxe4 $17 Nb3+ 49. Ke1 Nxa5 50. bxa5) 48... Nc6 $19 49. Rf5 Bd3 50. Rf6+ $2 (50. Rxd3+ {is the only way for White.} exd3 51. Kxd3) 50... Ke5 51. Rf5+ {[#]} Ke6 $1 52. Rxd3 exd3 53. Kxd3 Nxb4+ {[%mdl 4096] Endgame KRN-KR} 54. Kc4 Nc6 55. Kc5 Ne5 ({Stronger than} 55... Rxh3 56. Kxc6 Rg3 57. Rf2 $11) 56. a5 Rxh3 {Black is clearly winning.} 57. a6 Ra3 58. Kb5 (58. Kb6 $142 Nc4+ 59. Ka7) 58... Nxg4 59. Rf8 Nf6 60. Rc8 Nd5 61. Rc6+ Ke5 62. Rxh6 Nc7+ {Precision: White = 49%, Black = 54%.} 0-1

[Event "12th Agzamov Memorial 2018"]
[Site "Tashkent"]
[Date "2018.04.27"]
[Round "5"]
[White "Levin, Evgeny A"]
[Black "Saydaliev, Saidakbar"]
[Result "1/2-1/2"]
[WhiteElo "2543"]
[BlackElo "2361"]
[Annotator "TA"]
[PlyCount "75"]
[EventDate "2018.??.??"]
[EventType "swiss"]
[EventCountry "UZB"]
[SourceTitle "playchess.com"]
[Source "ChessBase"]
[SourceQuality "1"]

{[%evp 26,75,50,44,46,18,28,26,33,36,22,22,64,69,91,83,102,104,100,79,81,77,125,121,144,139,151,128,126,118,128,122,129,127,131,114,114,114,114,114,114,87,108,107,106,0,0,0,0,0,0,0]} 1. d4 Nf6 2. c4 e6 3. Nc3 Bb4 4. e3 O-O 5. Bd3 d5 6. Nf3 c5 7. cxd5 exd5 8. dxc5 Nc6 9. O-O Bxc5 10. h3 Qe7 {D37: Queen's Gambit Declined: 5 Bf4} (10... Be6 11. b3 Qe7 12. Bb2 Rfd8 13. Ne2 Ne4 14. Nfd4 Ne5 15. Nf4 Bxd4 16. Bxd4 Nxd3 17. Qxd3 Bf5 18. Qe2 {½-½ (48) Salem,A (2638)-Amin,B (2689) Riadh 2017}) 11. b3 Rd8 12. Bb2 Ne4 13. Ne2 Bf5 14. Rc1 {LiveBook: 9 Games} Bg6 15. Ned4 Nxd4 16. Nxd4 Bd6 17. Nb5 Bb8 18. Qc2 {[#]} Qd7 $146 19. Rfd1 a6 20. Bxe4 Bxe4 {[#]} 21. Qxe4 $1 {[%mdl 512]} axb5 (21... dxe4 22. Rxd7) 22. Qd4 {[%csl Gb2][%cal Rd4g7]} f6 23. a3 Qd6 24. Qg4 Qe7 25. Qe2 Qd6 {[#] ( -> ...Qh2+)} 26. g3 Qe6 27. h4 ({Don't do} 27. Qxb5 Qxh3 28. Qe2 (28. Rxd5 Bxg3 29. Rxd8+ Rxd8 $15) 28... Qe6 $14) 27... Be5 28. Bxe5 fxe5 29. Qxb5 Rxa3 30. Qxb7 {Strongly threatening Rc7.} Ra2 31. Ra1 Rxa1 32. Rxa1 $16 {[%mdl 4096] Endgame KQR-KQR} d4 33. Ra8 Qd6 34. exd4 exd4 35. Rxd8+ ({White should play} 35. Qe4 $16) 35... Qxd8 $11 {The position is equal.} 36. Qb4 d3 {Hoping for ...d2.} 37. Qd2 Qd5 38. Qd1 {Precision: White = 73%, Black = 72%.} 1/2-1/2

[Event "12th Agzamov Memorial 2018"]
[Site "Tashkent"]
[Date "2018.04.27"]
[Round "5"]
[White "Pourramezanali, Amirreza"]
[Black "Tokhirjonova, Gulrukhbegim"]
[Result "0-1"]
[WhiteElo "2536"]
[BlackElo "2348"]
[Annotator "TA"]
[PlyCount "88"]
[EventDate "2018.??.??"]
[EventType "swiss"]
[EventCountry "UZB"]
[SourceTitle "playchess.com"]
[Source "ChessBase"]
[SourceQuality "1"]

{[%evp 18,88,12,7,7,0,0,0,8,-6,-8,-11,-8,-3,0,-25,0,-14,-23,-21,-27,-21,-11,-12,0,-42,-26,-43,-40,-69,-41,-44,0,0,6,6,6,6,2,9,10,0,9,0,0,-78,0,-37,0,0,55,0,11,0,32,35,33,0,8,4,22,-325,-341,-1001,-1004,-986,-955,-918,-864,-1799,-1501,-29992,-29993]} 1. Nf3 d5 2. g3 Bg4 3. Bg2 c6 4. h3 Bh5 5. O-O Nd7 6. d3 e5 {A07: Réti Opening: New York and Capablanca Systems} (6... Ngf6 7. Qe1 e5 8. e4 Bd6 9. exd5 Bxf3 10. Bxf3 Nxd5 11. Nc3 Nxc3 12. bxc3 O-O 13. a4 a5 14. Bg2 Qc7 {½-½ (75) Howell,D (2682)-Vitiugov,N (2732) Caleta 2018}) 7. e4 dxe4 8. dxe4 Ngf6 9. Qe1 a5 10. Nbd2 {LiveBook: 3 Games} a4 11. Nc4 Qc7 12. Nh4 Bc5 13. Kh2 $146 ({Predecessor:} 13. Kh1 O-O 14. f4 b5 15. Nxe5 Nxe5 16. fxe5 Qxe5 {½-½ (33) Turov,M (2618)-Bok,B (2601) Groningen 2017}) 13... b5 14. Ne3 O-O 15. Nef5 Rfe8 16. Bd2 Nb6 17. Bb4 Nfd7 {[%cal Bf6d7,Bd7f8,Bf8e6,Be6d4][%mdl 32]} 18. g4 Bg6 19. Rd1 Bxb4 20. Qxb4 Nf8 21. Rd3 Ne6 (21... Bxf5 $5 22. gxf5 Nfd7 $11) 22. Rfd1 c5 23. Qxb5 Nd4 (23... Bxf5 $5 24. Nxf5 Nd4 25. Nxd4 cxd4 $17) 24. Nxd4 exd4+ 25. Rg3 Bxe4 26. Re1 $1 {[%cal Re1e4]} Bc6 $1 {[%cal Rc6b5]} 27. Bxc6 Rxe1 28. Bxa8 Nxa8 29. Ng2 (29. Nf3 {keeps more tension.} Re7 30. Qxa4 Nb6 31. Qb5 Qd6 32. a3) 29... Re5 (29... Re6 {seems wilder.} 30. Qxa4 Nb6 31. Qa3 Re2 32. Qf3 Rd2) 30. Qxa4 Nb6 31. Qa5 (31. Qa6 $11) 31... g6 {[%mdl 1024] Threatens to win with ...Re2. Black has strong compensation.} 32. Kg1 c4 33. Qd2 Qd6 {[#]} (33... Re4 $11) 34. Rf3 ({White should play} 34. Re3 $1 $14 {[%mdl 512]}) 34... Nd7 35. b3 cxb3 36. axb3 {Strongly threatening Rd3.} Nc5 37. Rf4 Ne4 38. Qd3 Nc3 {And now ...Ne2+ would win.} 39. Kf1 $2 {[%mdl 8192]} ({And not} 39. Ne3 Re6 $17) (39. Kh1 $1 $11 {and White is okay.} Rd5 40. g5) 39... Qa3 $19 {( -> ...Qc1+)} 40. Qd2 $2 {[#]} (40. Ne3 dxe3 41. Qd8+ Qf8 42. Qxf8+ Kxf8 43. Rc4) 40... Qa6+ $1 41. Kg1 Ne2+ 42. Kh2 Qa1 {[%csl Ge2][%cal Ra1g1]} 43. Ne1 Nxf4 44. Nf3 {[#]} Qf1 $1 {[%mdl 512] Precision: White = 27%, Black = 48%.} 0-1

[Event "12th Agzamov Memorial 2018"]
[Site "Tashkent"]
[Date "2018.04.27"]
[Round "5"]
[White "Malakhatko, Vadim"]
[Black "Abdisalimov, Abdimalik"]
[Result "1/2-1/2"]
[WhiteElo "2516"]
[BlackElo "2341"]
[Annotator "TA"]
[PlyCount "187"]
[EventDate "2018.??.??"]
[EventType "swiss"]
[EventCountry "UZB"]
[SourceTitle "playchess.com"]
[Source "ChessBase"]
[SourceQuality "1"]

{[%evp 27,187,23,32,0,0,0,66,66,54,0,0,0,0,0,0,0,0,0,0,-12,-11,-10,-10,-36,-38,-87,-68,-65,-65,-200,-200,-200,-200,-190,-192,-189,-125,-208,-204,-225,-232,-233,-210,-346,-346,-346,-346,-346,-346,-346,-346,-346,-346,-346,-346,-346,-346,-346,-346,-346,-346,-339,-339,-339,-339,-339,-336,-336,-333,-336,-336,-331,-331,-331,-331,-331,-329,-308,-267,-253,-213,-253,-222,-222,0,-222,-222,-220,-224,-245,-206,-206,-206,-213,-213,-213,-206,-206,-206,-206,-206,-206,-206,-213,-206,-213,-213,-213,-213,-213,-206,-206,-206,-206,-199,-191,0,-206,-206,-206,-206,-303,-206,-213,-206,-206,-206,-206,-206,-206,-206,-206,-206,-206,-206,-206,-206,-206,-206,-206,-206,-206,-198,-206,-135,-213,-213,-213,-213,-213,-213,-213,0,-206,0,-206,0,-198,-198,-200,-198,-210]} 1. d4 Nf6 2. c4 e6 3. Nf3 c5 4. d5 exd5 5. cxd5 d6 6. Nc3 g6 7. Bf4 Bg7 8. h3 O-O 9. e3 a6 10. a4 Qe7 {A61: Modern Benoni: Nf3 without early e4} 11. Be2 (11. Bd3 Nbd7 12. O-O Ne8 13. e4 Rb8 14. Re1 Nc7 15. Qd2 Ne5 16. Nxe5 Bxe5 17. Bxe5 Qxe5 18. a5 {1-0 (42) Akobian,V (2647)-Ponkratov,P (2613) Riadh 2017}) 11... Nbd7 12. O-O Ne8 13. Nd2 Ne5 14. Bh2 Rb8 {LiveBook: 5 Games} 15. Kh1 f5 16. Re1 b5 $146 (16... Nc7 $11) ({Predecessor:} 16... Qd7 17. Qb3 b6 18. f4 {1-0 (45) Kurukin,D (2277)-Slizhevsky,A (2446) St Petersburg 2010}) 17. axb5 $14 axb5 18. f4 (18. Nxb5 $14 Rb7 19. b4) 18... Nc4 19. Bxc4 bxc4 20. e4 fxe4 21. Rxe4 Qf7 22. Nxc4 {[%cal Bd2c4,Bc4d6,Bd6e4][%mdl 32]} Bb7 23. Rxe8 Qxe8 24. Nxd6 Qe7 $36 {[%mdl 2048] Black fights for an advantage.} 25. Nde4 (25. f5 $5) 25... Bd4 26. Bg1 {[#]} Bxd5 $1 {[%mdl 512]} 27. Bxd4 (27. Nxd5 Qxe4) 27... cxd4 ({Don't play} 27... Bxe4 $6 28. Be5 $11) 28. Qxd4 (28. Nf6+ $1 $15 Qxf6 29. Nxd5) 28... Bxe4 $1 $19 29. Nxe4 Rxf4 30. Qd5+ Qf7 31. Qd6 {[#]} Rf8 ({Black should try} 31... Re8 $1 $19 32. Nc3 Rf1+ 33. Rxf1 Qxf1+ 34. Kh2 Qe1) 32. Ng3 (32. Ng5 $17 Rf1+ 33. Kh2 Qf4+ 34. Qxf4 R1xf4 35. Ne6) 32... h5 33. b4 Qf6 34. Qd5+ Kh8 35. Ra8 (35. Rd1 $142) 35... Rxa8 ({Weaker is} 35... Rxb4 {[#]} 36. Nxh5 $1 {[%mdl 512]} gxh5 37. Rxf8+ Qxf8 38. Qxh5+ Kg8 39. Qg6+ Kh8 40. Qh5+ Kg8 41. Qg6+ Kh8 42. Qh5+ $11) 36. Qxa8+ {[%mdl 4096] Endgame KQR-KQN} Kh7 37. Qa7+ Qf7 38. Qc5 Qc4 39. Qe7+ Rf7 40. Qe3 Qf4 ({Don't take} 40... Qxb4 41. Ne2) 41. Qe6 Ra7 42. Qe1 Rc7 43. Ne2 Qe4 44. Qf2 Qxb4 45. Ng1 Qd6 46. Qe3 Re7 47. Qf2 Qd1 48. Qc5 Qe1 49. Qd4 Qe3 50. Qd6 Rf7 51. Nf3 Qc1+ 52. Ng1 Qf4 53. Qb6 g5 {[%cal Bg6g5,Bg5g4][%mdl 32]} 54. Qc5 Qf5 55. Qe3 Qf4 $2 (55... Rd7 $19 56. Ne2 Qf6) 56. Qd3+ $2 (56. Qc5 $1 $11 {and White has nothing to worry.} Rc7 57. Qb5) 56... Kh6 57. Qa6+ Qf6 58. Qd3 g4 59. Qe3+ Qg5 60. Qe6+ Kg7 61. Qe4 Rf1 {Strongly threatening ...gxh3.} 62. Qb7+ Kh6 {Threatens to win with ...gxh3.} 63. Qb6+ Rf6 64. Qb8 {intending Qh8+.} Qd5 65. Qb2 Kg5 66. Qc1+ Kg6 {Hoping for ...Rf2.} 67. Qb1+ Qf5 68. Qb8 Qe6 69. Qb1+ Rf5 70. Qc2 Kg5 71. Qd2+ Kg6 72. Qc2 $1 Qe1 73. Qc6+ Kg5 74. Kh2 (74. Qc8 $142) 74... Qe3 75. Qd7 Qe5+ 76. Kh1 Kh6 77. Qd2+ Qf4 78. Qd8 Rf8 79. Qb6+ Rf6 80. Qd8 {Now Qh8+ and White clings on.} Kg7 81. Qd7+ Rf7 82. Qd5 Qf5 83. Qd4+ Kh7 84. Qe3 Qd5 85. Kh2 Kg6 86. Qb6+ (86. Ne2 $17) 86... Rf6 {( -> ...g3+!)} 87. Qb1+ Qf5 88. Qa2 Qe5+ 89. Kh1 Qe6 90. Qb1+ $1 Rf5 91. Qc2 $1 Qe1 92. Qc6+ $1 Rf6 93. Qc2+ Kh6 {White must now prevent ...gxh3.} 94. Qb2 {Precision: White = 50%, Black = 65%.} 1/2-1/2

[Event "12th Agzamov Memorial 2018"]
[Site "Tashkent"]
[Date "2018.04.27"]
[Round "5"]
[White "Yakubboev, Nodirbek"]
[Black "Duzhakov, Ilya"]
[Result "1-0"]
[WhiteElo "2482"]
[BlackElo "2421"]
[Annotator "TA"]
[PlyCount "31"]
[EventDate "2018.??.??"]
[EventType "swiss"]
[EventCountry "UZB"]
[SourceTitle "playchess.com"]
[Source "ChessBase"]
[SourceQuality "1"]

{[%evp 9,31,38,38,6,13,11,10,0,96,98,108,113,149,148,140,148,416,397,606,590,600,601,916,916]} 1. d4 Nf6 2. c4 g6 3. f3 e6 (3... c5 4. d5 e6 5. Nh3 d6 6. Nf2 b5 7. e4 Bg7 8. dxe6 Bxe6 9. cxb5 O-O 10. Be2 d5 11. O-O a6 12. a4 axb5 13. Bxb5 {1-0 (29) Ding,L (2778)-Vidit,S (2707) Liaocheng 2018}) 4. e4 d5 5. cxd5 exd5 6. e5 {E60: King's Indian: Unusual lines and Fianchetto Variation without Nc3} Nh5 {Threatens to win with ...Qh4+.} 7. Be3 {[%cal Bc1e3,Be3f2,Bf2d4][%mdl 32]} c5 8. dxc5 {The position is equal.} Qh4+ $146 (8... Bg7 $11) ({Predecessor:} 8... Nc6 9. Bb5 Qh4+ 10. Bf2 Qb4+ 11. Nc3 Bxc5 12. Bxc5 Qxc5 13. Qxd5 {0-1 (73) Zivkovic,I (2348)-Sarenac,I (2410) Kragujevac 2016}) 9. Bf2 $1 $16 {[%cal Rf2h4]} Qb4+ 10. Nc3 {Black must now prevent a3.} Nc6 {[#]} 11. a3 $1 {[%cal Ra3b4]} Qxb2 {[#]} 12. Nge2 $1 Nxe5 $2 {[%mdl 8192]} (12... d4 $16 {might work better.} 13. Ra2 dxc3 14. Rxb2 cxb2) 13. Bd4 $18 Nd3+ (13... Bxc5 $142 14. Na4 (14. Bxc5 Nf4 $14) (14. Bxe5 O-O $16) 14... Qb5) 14. Qxd3 {White is clearly winning.} Qxa1+ 15. Nd1 Qa2 16. Nc1 {Precision: White = 82%, Black = 23%.} 1-0